| 000 | 00842nam a2200277 a 4500 | ||
|---|---|---|---|
| 001 | BRL_1755 | ||
| 005 | 20190320211344.0 | ||
| 008 | 280715s1984----u--ao#####---#000-0#eng-# | ||
| 020 | _a0807815977 | ||
| 041 | _aeng | ||
| 044 | _au | ||
| 050 | 4 |
_aTR820.5 _b.B59 1984 |
|
| 100 | 1 |
_aBlom, Gertrude Duby _923495 |
|
| 245 | 1 | 0 |
_aGertrude Blom _bBearing Witness _cedited by Alex Harris and Margaret Sartor. |
| 260 |
_a[London] _bCenter for Documentary Photography, Duke University _c1984 |
||
| 300 |
_aix, 150 p. _bil. _c29 cm. |
||
| 500 | _aAu1978 | ||
| 504 | _aBibliografía : p. 149-150 | ||
| 505 | 0 | _aIncluye dedicatoria a Ruth Lechuga. | |
| 650 | 1 | 4 |
_aDocumentales _eFotografías _923496 |
| 650 | 1 | 4 |
_aMayas _xHistoria _923497 |
| 700 | 1 |
_aHarris, Alex _923498 |
|
| 700 | 1 |
_aSartor, Margaret _923499 |
|
| 902 | _aGRL | ||
| 942 |
_2lcc _cB |
||
| 999 |
_c10563 _d10563 |
||